Motivační rozhovory příprava lidí ke změně závislého chování

Bibliographic Details
Main Authors: Miller, William Ross, 1947- (Author), Rollnick, Stephen, 1952- (Author)
Other Authors: Vrtbovská, Petra (Translator)
Format: Book
Language:Czech
English
PhysicalDescription:xviii, 311 s. 23 cm
Published: Tišnov Sdružení SCAN 2003
ISBN:8086620093
Subjects:

MARC

LEADER 00000cam a2200000 a 4500
001 vtls008287505
003 SK-MaSNL
005 20260301015932.0
008 240318s2003 xr g 000 0 cze
020 |a 8086620093  |q (brož.) 
035 |a SVKPOKN098984 
040 |a SNK  |b slo  |c SNK  |e AACR2 
041 1 |a cze  |h eng 
044 |a xr  |c CZ 
072 7 |a 615.8  |x Fyzioterapia. Psychoterapia. Alternatívna medicína  |2 konspekt 
080 |a 615.851  |2 2001 
080 |a 364.692  |2 2001 
080 |a 159.947.5  |2 2001 
080 |a 303.62  |2 2001 
080 |a (048.8)  |2 2001 
100 1 |a Miller, William Ross,  |d 1947-  |4 aut  |9 306522 
245 1 0 |a Motivační rozhovory  |b příprava lidí ke změně závislého chování  |c William R. Miller, Stephen Rollnick ; [překlad Petra Vrtbovská] 
260 |a Tišnov  |b Sdružení SCAN  |c 2003 
300 |a xviii, 311 s.  |c 23 cm 
366 |e 600 výt. 
500 |a V tir. r. vyd. 2004 
500 |a Prel. z angl. 
500 |a Pod názvom: National Drug and Alcohol Research Centre, Sydney, New South Wales, Australia 
504 |a Obsahuje bibliogr. 
650 0 7 |a psychoterapia  |2 SNKPH  |9 2575 
650 0 7 |a patologické závislosti  |2 SNKPH  |9 67667 
650 0 7 |a motivácia  |2 SNKPH  |9 1779 
650 0 7 |a rozhovor  |2 SNKPH  |9 23484 
650 0 7 |a Psychotherapy  |2 SNKPHeng  |9 266881 
650 0 7 |a Pathological dependences  |2 SNKPHeng  |9 306523 
650 0 7 |a Motivation (psychology)  |2 SNKPHeng  |9 270854 
650 0 7 |a Interview  |2 SNKPHeng  |9 306524 
655 7 |a monografie  |2 SNKPH  |9 70139 
655 7 |a Monographs  |2 SNKPHeng  |9 120675 
700 1 |a Rollnick, Stephen,  |d 1952-  |4 aut  |9 306525 
700 1 |a Vrtbovská, Petra  |4 trl  |9 306526 
919 |a 80-86620-09-3 
999 |c 561903  |d 563833 
952 |t snkMIL 616.89  |a SNKUST  |b SNKUST  |y PREZ  |7 0  |p 17A0670166  |o snkIC 139006  |i snk2010/18899  |8 4  |g 11.34  |0 0  |1 0  |4 0  |d 2010-06-30  |l 0  |r 2025-04-30 00:00:00  |w 2026-02-23